[Event "IM-Turnier"]
[Site "Hamburg"]
[Date "2006.10.16"]
[Round "1.2"]
[White "Chevelevitch, Dr. Evgueni"]
[Black "Berg, Klaus"]
[Result "1/2-1/2"]
[WhiteElo "2431"]
[BlackElo "2392"]
[PlyCount "57"]
[EventDate "2006.??.??"]

1. e4 c6 2. d4 d5 3. Nc3 dxe4 4. Nxe4 Bf5 5. Ng3 Bg6 6. h4 h6 7. Nf3 Nd7 8. h5
Bh7 9. Bd3 Bxd3 10. Qxd3 e6 11. Bf4 Qa5+ 12. Bd2 Qc7 13. O-O-O Ngf6 14. Ne4
O-O-O 15. g3 Nxe4 16. Qxe4 Bd6 17. Qe2 Nf6 18. c4 c5 19. Bc3 cxd4 20. Nxd4 a6
21. Nf3 Rd7 22. Ne5 Bxe5 23. Bxe5 Qa5 24. Bxf6 Rxd1+ 25. Rxd1 gxf6 26. a3 Qg5+
27. Kb1 Rd8 28. Rxd8+ Kxd8 29. Kc2 1/2-1/2

[Event "IM-Turnier"]
[Site "Hamburg"]
[Date "2006.10.16"]
[Round "1.3"]
[White "Breutigam, Martin"]
[Black "Kopylov, Michael"]
[Result "0-1"]
[WhiteElo "2387"]
[BlackElo "2469"]
[PlyCount "52"]
[EventDate "2006.??.??"]

1. d4 f5 2. g3 Nf6 3. Bg2 g6 4. Nh3 Bg7 5. c4 e6 6. Nc3 O-O 7. Nf4 d6 8. e4
fxe4 9. Nxe4 Nxe4 10. Bxe4 d5 11. cxd5 exd5 12. Bxd5+ Kh8 13. Qb3 c6 14. Bg2
Qxd4 15. O-O Na6 16. Ne6 Bxe6 17. Qxe6 Rae8 18. Qh3 Nb4 19. g4 Rxf2 20. Rxf2
Nd3 21. Qg3 Nxf2 22. Qxf2 Re1+ 23. Bf1 Qxg4+ 24. Qg3 Bd4+ 25. Kg2 Qe4+ 26. Kh3
Qf5+ 0-1

[Event "IM-Turnier"]
[Site "Hamburg"]
[Date "2006.10.16"]
[Round "1.4"]
[White "Fries-Nielsen, Jens-Ove"]
[Black "Breuer, Stefan"]
[Result "1-0"]
[WhiteElo "2380"]
[BlackElo "2330"]
[PlyCount "111"]
[EventDate "2006.??.??"]

1. d4 Nf6 2. Bg5 e6 3. e4 h6 4. Bxf6 Qxf6 5. Nf3 d5 6. e5 Qd8 7. c3 c5 8. a3 a5
9. Bd3 a4 10. Nbd2 Bd7 11. O-O Nc6 12. dxc5 Bxc5 13. c4 O-O 14. Rc1 b6 15. Bb1
g6 16. Re1 Re8 17. h3 Na5 18. cxd5 exd5 19. Ba2 Bb5 20. Nf1 Bc4 21. Bb1 Nc6 22.
Qd2 Bf8 23. N1h2 Bg7 24. Ng4 Kh7 25. Qf4 Qc7 26. h4 Re6 27. h5 Qe7 28. g3 Rf8
29. Kg2 b5 30. Rh1 Nxe5 31. Nfxe5 Rxe5 32. Nxh6 f5 33. hxg6+ Kxg6 34. Qg4+ Qg5
35. Qxg5+ Kxg5 36. f4+ Kg6 37. fxe5 Bxh6 38. Rcd1 Kg5 39. e6 Bg7 40. Rd2 d4 41.
Re1 Re8 42. e7 Bf6 43. Bd3 Bd5+ 44. Kf2 Rxe7 45. Rxe7 Bxe7 46. Bxb5 Bb3 47. Be2
Bc5 48. Bd1 d3+ 49. Ke1 Bc4 50. Bxa4 Kg4 51. b3 Ba6 52. b4 Be3 53. Bd7 Kxg3 54.
b5 Bxd2+ 55. Kxd2 Bb7 56. Bc6 1-0

[Event "IM-Turnier"]
[Site "Hamburg"]
[Date "2006.10.16"]
[Round "1.5"]
[White "Bakker, Sven"]
[Black "Pajeken, Wolfgang"]
[Result "0-1"]
[WhiteElo "2237"]
[BlackElo "2360"]
[PlyCount "107"]
[EventDate "2006.??.??"]

1. d4 Nf6 2. c4 g6 3. Nc3 Bg7 4. e4 d6 5. f3 O-O 6. Be3 Nbd7 7. Qd2 a6 8. Bd3
c5 9. Nge2 e6 10. O-O b6 11. Rfd1 Bb7 12. Rac1 Rc8 13. b3 Qc7 14. d5 e5 15. a3
Ne8 16. Qc2 Bf6 17. g3 Ng7 18. f4 exf4 19. gxf4 Rce8 20. Ng3 Bh4 21. Bf2 Nf6
22. Qe2 Bc8 23. Re1 Ng4 24. Nh1 Nxf2 25. Nxf2 Nh5 26. Qe3 Bf6 27. Qf3 Qd8 28.
Kh1 Bxc3 29. Rxc3 Qf6 30. Bc2 Qxf4 31. Qxf4 Nxf4 32. Rf3 Nh5 33. Rg1 Re7 34.
Bd1 Kg7 35. b4 Nf6 36. Rf4 Nd7 37. Nd3 Ne5 38. Nxe5 Rxe5 39. Bc2 f5 40. exf5
Bxf5 41. Rgf1 Rfe8 42. Bxf5 Rxf5 43. Rxf5 gxf5 44. bxc5 bxc5 45. Kg2 Re4 46.
Rb1 Kf6 47. Rb6 Ke5 48. Rxa6 Rxc4 49. Ra7 h5 50. a4 Kxd5 51. a5 Ra4 52. a6 Kd4
53. Rf7 Rxa6 54. Rxf5 0-1

[Event "IM-Turnier"]
[Site "Hamburg"]
[Date "2006.10.17"]
[Round "2.1"]
[White "Abel, Dennes"]
[Black "Pajeken, Wolfgang"]
[Result "1/2-1/2"]
[WhiteElo "2286"]
[BlackElo "2360"]
[PlyCount "36"]
[EventDate "2006.??.??"]
[SourceDate "2002.11.15"]

1. e4 Nf6 2. e5 Nd5 3. d4 d6 4. c4 Nb6 5. f4 dxe5 6. fxe5 Nc6 7. Be3 Bf5 8. Nc3
e6 9. Be2 Be7 10. Nf3 O-O 11. O-O f6 12. Qe1 Nb4 13. Rd1 Nc2 14. Qf2 fxe5 15.
dxe5 Qe8 16. Kh1 Qc6 17. b3 Bg6 18. Bd3 Nxe3 1/2-1/2

[Event "IM-Turnier"]
[Site "Hamburg"]
[Date "2006.10.17"]
[Round "2.2"]
[White "Breuer, Stefan"]
[Black "Bakker, Sven"]
[Result "1-0"]
[WhiteElo "2330"]
[BlackElo "2237"]
[PlyCount "97"]
[EventDate "2006.??.??"]
[SourceDate "2002.11.15"]

1. e4 c6 2. d4 d5 3. f3 e6 4. Nc3 Bb4 5. Bf4 Nf6 6. Qd3 b6 7. Nge2 a5 8. Qe3
Ba6 9. h4 Nbd7 10. O-O-O a4 11. h5 Bxc3 12. Nxc3 Bxf1 13. Rdxf1 b5 14. Bd6 Nb6
15. Bb4 Nfd7 16. Qd3 Nb8 17. Bc5 b4 18. Bxb4 Nc4 19. Nb1 Na6 20. Bc3 Qb6 21. b3
Rb8 22. bxc4 dxc4 23. Qxc4 Qxb1+ 24. Kd2 Qb5 25. Qxb5 Rxb5 26. Rb1 Kd7 27. d5
exd5 28. Rxb5 cxb5 29. exd5 Rc8 30. Rh4 g6 31. hxg6 hxg6 32. Rh7 Ke7 33. Rh4
Rd8 34. Re4+ Kd6 35. Be5+ Kc5 36. d6 Nb4 37. a3 Nd5 38. Bg3 Nb6 39. Bf2+ Kc6
40. Bxb6 Kxb6 41. Rd4 Kc5 42. Kc3 Rd7 43. f4 f6 44. Rd3 g5 45. fxg5 fxg5 46. g4
Rxd6 47. Rxd6 Kxd6 48. Kb4 Kc6 49. c3 1-0

[Event "IM-Turnier"]
[Site "Hamburg"]
[Date "2006.10.17"]
[Round "2.3"]
[White "Kopylov, Michael"]
[Black "Fries-Nielsen, Jens-Ove"]
[Result "1/2-1/2"]
[WhiteElo "2469"]
[BlackElo "2380"]
[PlyCount "22"]
[EventDate "2006.??.??"]
[SourceDate "2002.11.15"]

1. Nf3 d5 2. d4 b5 3. e3 a6 4. a4 b4 5. c4 bxc3 6. bxc3 e6 7. c4 Nf6 8. cxd5
Nxd5 9. Ba3 Bxa3 10. Nxa3 Nd7 11. Nc4 O-O 1/2-1/2

[Event "IM-Turnier"]
[Site "Hamburg"]
[Date "2006.10.17"]
[Round "2.4"]
[White "Berg, Klaus"]
[Black "Breutigam, Martin"]
[Result "1/2-1/2"]
[WhiteElo "2392"]
[BlackElo "2387"]
[PlyCount "35"]
[EventDate "2006.??.??"]
[SourceDate "2002.11.15"]

1. d4 e6 2. c4 d5 3. Nf3 c5 4. cxd5 exd5 5. e3 Nf6 6. Be2 Nc6 7. O-O a6 8. Nc3
Bd6 9. dxc5 Bxc5 10. a3 O-O 11. b4 Ba7 12. Bb2 Bg4 13. Rc1 Re8 14. b5 axb5 15.
Nxb5 Bb8 16. Qd3 Ne4 17. Rfd1 Be6 18. g3 1/2-1/2

[Event "IM-Turnier"]
[Site "Hamburg"]
[Date "2006.10.17"]
[Round "2.5"]
[White "Sawatzki, Frank"]
[Black "Chevelevitch, Dr. Evgueni"]
[Result "1-0"]
[WhiteElo "2386"]
[BlackElo "2431"]
[PlyCount "85"]
[EventDate "2006.??.??"]
[SourceDate "2002.11.15"]

1. e4 e5 2. Nf3 Nc6 3. Bb5 a6 4. Ba4 Nf6 5. O-O Be7 6. Re1 b5 7. Bb3 O-O 8. h3
Bb7 9. d3 d6 10. a3 Na5 11. Ba2 c5 12. Nbd2 Bc8 13. Nf1 Be6 14. Ne3 Bxa2 15.
Rxa2 Nc6 16. Nf5 Ne8 17. c3 Bf6 18. d4 g6 19. Nh6+ Kh8 20. dxc5 dxc5 21. Qd5
Qxd5 22. exd5 e4 23. Rxe4 Ne7 24. Re1 Nxd5 25. a4 Nec7 26. axb5 axb5 27. Rxa8
Rxa8 28. Nxf7+ Kg7 29. Nh6 Kf8 30. Ng5 Kg7 31. Ng4 Be7 32. h4 Bd8 33. g3 Ra6
34. Rd1 Be7 35. Nf3 Kg8 36. Bg5 Bxg5 37. hxg5 Ra2 38. Nf6+ Nxf6 39. gxf6 Ne8
40. Rd8 Kf7 41. Ne5+ Kxf6 42. Rxe8 Rxb2 43. Nd7+ 1-0

[Event "IM-Turnier"]
[Site "Hamburg"]
[Date "2006.10.17"]
[Round "3.1"]
[White "Chevelevitch, Dr. Evgueni"]
[Black "Abel, Dennes"]
[Result "1/2-1/2"]
[WhiteElo "2431"]
[BlackElo "2286"]
[PlyCount "59"]
[EventDate "2006.??.??"]
[SourceDate "2002.11.15"]

1. e4 c5 2. Nf3 Nc6 3. d4 cxd4 4. Nxd4 Nf6 5. Nc3 e5 6. Ndb5 d6 7. Bg5 a6 8.
Na3 b5 9. Nd5 Be7 10. Bxf6 Bxf6 11. c3 O-O 12. Nc2 Rb8 13. Be2 Bg5 14. O-O Be6
15. Qd3 Qd7 16. Qg3 Bd8 17. Rad1 Kh8 18. Qd3 Ne7 19. Nce3 Qa7 20. Nxe7 Bxe7 21.
Nd5 Rfd8 22. Ra1 a5 23. a3 Bg5 24. Rfd1 Rdc8 25. Qg3 Bh6 26. h4 Rc5 27. Ne3 Bf4
28. Qf3 Bxe3 29. Qxe3 Qc7 30. Rd2 1/2-1/2

[Event "IM-Turnier"]
[Site "Hamburg"]
[Date "2006.10.17"]
[Round "3.2"]
[White "Breutigam, Martin"]
[Black "Sawatzki, Frank"]
[Result "1-0"]
[WhiteElo "2387"]
[BlackElo "2386"]
[PlyCount "39"]
[EventDate "2006.??.??"]
[SourceDate "2002.11.15"]

1. d4 Nf6 2. c4 g6 3. Nc3 Bg7 4. e4 d6 5. Nf3 O-O 6. h3 e5 7. d5 Na6 8. Bg5 Qe8
9. g4 Nd7 10. Rg1 Ndc5 11. a3 Bd7 12. b4 Na4 13. Nb5 Nb6 14. Qd3 Kh8 15. Be2 f5
16. gxf5 gxf5 17. O-O-O Nxd5 18. Qxd5 Bc6 19. Qd2 fxe4 20. Bh6 1-0

[Event "IM-Turnier"]
[Site "Hamburg"]
[Date "2006.10.17"]
[Round "3.5"]
[White "Pajeken, Wolfgang"]
[Black "Breuer, Stefan"]
[Result "1-0"]
[WhiteElo "2360"]
[BlackElo "2330"]
[PlyCount "255"]
[EventDate "2006.??.??"]
[SourceDate "2002.11.15"]

1. d4 e6 2. c4 f5 3. Nf3 Nf6 4. Nc3 d5 5. Bf4 c6 6. e3 Be7 7. Bd3 O-O 8. O-O
Ne4 9. Bxe4 fxe4 10. Ne5 Nd7 11. f3 exf3 12. Rxf3 Nxe5 13. Bxe5 Bf6 14. Bxf6
Rxf6 15. Rxf6 Qxf6 16. Qh5 Bd7 17. Rf1 Qe7 18. Qe5 Rf8 19. Rxf8+ Kxf8 20. c5
Be8 21. h3 Bg6 22. Ne2 a6 23. Nf4 Bf7 24. Qb8+ Be8 25. Qe5 Bf7 26. Kh2 Kg8 27.
Nd3 h6 28. Qd6 Qg5 29. Qf4 Qxf4+ 30. Nxf4 Kf8 31. g4 Ke7 32. Nd3 Be8 33. h4 Bg6
34. Ne5 Bb1 35. a3 Bc2 36. g5 hxg5 37. hxg5 Bd1 38. Kg3 Bh5 39. Nd3 Kf7 40. Kf4
Be2 41. Ne5+ Ke7 42. Kg3 Bh5 43. Kf2 Kd8 44. Ke1 Kc7 45. Kd2 Be8 46. Kc3 Bh5
47. Kb4 Be8 48. Ka5 Bh5 49. Nd3 Be2 50. Nf4 Bg4 51. b3 Kc8 52. Kb6 Kb8 53. Ng6
Kc8 54. Ne5 Bh5 55. b4 Kb8 56. a4 Kc8 57. Nd3 Bd1 58. Nf4 Bg4 59. Nd3 Bd1 60.
Ne5 Bh5 61. b5 cxb5 62. axb5 axb5 63. Kxb5 Kc7 64. Ka5 Be2 65. Nf7 Bd3 66. Ne5
Be2 67. Ng6 Bh5 68. Nf4 Bg4 69. Kb5 Bf5 70. Nh5 Bd3+ 71. Ka5 g6 72. Nf4 Be4 73.
Nxe6+ Kd7 74. Nf4 Kc6 75. Ne2 Bd3 76. Nc3 Bf1 77. Na4 Bd3 78. Nc3 Bf1 79. Na2
Bc4 80. Nb4+ Kc7 81. Nc2 Bd3 82. Ne1 Be4 83. Kb5 Bf5 84. Nf3 Bd3+ 85. Ka5 Bc2
86. Ng1 Kc6 87. Nh3 Bf5 88. Nf2 Kc7 89. Kb5 Bd7+ 90. Kb4 Bf5 91. Kc3 Kd7 92.
Nd3 Be4 93. Nf4 Kc6 94. Kd2 Kd7 95. Ke2 Kc6 96. Kf2 b6 97. cxb6 Kxb6 98. Ne2
Kc6 99. Nc3 Bd3 100. Kf3 Kd6 101. Kf4 Ke6 102. Na4 Bc2 103. Nc5+ Kd6 104. Kf3
Kc6 105. Kg4 Kd6 106. Kf4 Bb1 107. e4 dxe4 108. Nxe4+ Ke6 109. d5+ Ke7 110. Ke5
Bc2 111. Nf6 Ba4 112. d6+ Kf7 113. Ng4 Bd7 114. Ne3 Bc6 115. Nd5 Ba4 116. Nf4
Bc6 117. Kd4 Bd7 118. Nd3 Bf5 119. Nc5 Bh3 120. Nd3 Ke8 121. Kd5 Kd8 122. Nc5
Ke8 123. Kc6 Kd8 124. d7 Ke7 125. Kc7 Bxd7 126. Nxd7 Ke6 127. Nf8+ Kf7 128. Kd7
1-0

[Event "IM-Turnier"]
[Site "Hamburg"]
[Date "2006.10.18"]
[Round "4.1"]
[White "Abel, Dennes"]
[Black "Breuer, Stefan"]
[Result "0-1"]
[WhiteElo "2286"]
[BlackElo "2330"]
[PlyCount "98"]
[EventDate "2006.??.??"]
[SourceDate "2002.11.15"]

1. e4 e6 2. d4 d5 3. Nc3 Nf6 4. e5 Nfd7 5. f4 c5 6. Nf3 Nc6 7. Be3 a6 8. Qd2 b5
9. dxc5 Bxc5 10. Bxc5 Nxc5 11. Qf2 Qb6 12. Bd3 b4 13. Ne2 a5 14. O-O Ba6 15.
Kh1 Ne7 16. Rfd1 h6 17. Ned4 O-O 18. Qe3 Rfb8 19. Rf1 Nf5 20. Nxf5 exf5 21.
Bxa6 Rxa6 22. Rad1 Rd8 23. Rfe1 Ne6 24. Nd4 g6 25. Re2 Rc8 26. Rd3 Rc4 27. Red2
Qc5 28. h3 Nxd4 29. Rxd4 Rc6 30. Kh2 Kg7 31. c3 Rxd4 32. cxd4 Qc1 33. Qd3 Qc4
34. Qxc4 Rxc4 35. Kg3 a4 36. Kf3 Rc1 37. Ke2 g5 38. Rd1 Rc2+ 39. Rd2 Rc1 40.
Rd1 Rc6 41. Rd2 Kg6 42. Kd3 Rc1 43. Re2 Rd1+ 44. Ke3 gxf4+ 45. Kf3 Rd3+ 46.
Kxf4 Rxd4+ 47. Kf3 Kg5 48. g3 Rd3+ 49. Kg2 f4 0-1

[Event "IM-Turnier"]
[Site "Hamburg"]
[Date "2006.10.18"]
[Round "4.3"]
[White "Berg, Klaus"]
[Black "Bakker, Sven"]
[Result "1-0"]
[WhiteElo "2392"]
[BlackElo "2237"]
[PlyCount "133"]
[EventDate "2006.??.??"]
[SourceDate "2002.11.15"]

1. c4 e6 2. Nc3 d5 3. d4 c6 4. cxd5 exd5 5. Nf3 Bf5 6. Bg5 Qb6 7. Qc1 Nd7 8. e3
Ngf6 9. Be2 Bd6 10. Bh4 O-O 11. O-O Ne4 12. Bd3 Rfe8 13. Qc2 Bg6 14. Rab1 a5
15. a3 Qc7 16. Rfc1 Nxc3 17. Qxc3 Bxd3 18. Qxd3 a4 19. Bg3 Bxg3 20. hxg3 Qd6
21. Qc3 Re6 22. Qb4 b5 23. Qxd6 Rxd6 24. Ne5 Nxe5 25. dxe5 Re6 26. Rc5 f6 27.
exf6 Rxf6 28. Rbc1 Ra6 29. g4 h6 30. f4 Kf7 31. Kf2 Rd6 32. Rd1 Re6 33. Rd4 Ra7
34. e4 dxe4 35. Ke3 Rae7 36. g5 hxg5 37. Rxg5 Rh6 38. Rxe4 Rd7 39. Rf5+ Rf6 40.
Rxf6+ gxf6 41. Rd4 Re7+ 42. Kf3 Re1 43. g4 Rb1 44. Rd6 Rxb2 45. Rxc6 b4 46.
axb4 Rxb4 47. Ra6 Kg7 48. Ra7+ Kg6 49. Kg3 Rc4 50. Ra6 Kg7 51. f5 Rb4 52. Kh4
Rb1 53. Rxa4 Rh1+ 54. Kg3 Kh6 55. Ra8 Rg1+ 56. Kf3 Rf1+ 57. Kg2 Rb1 58. Rg8
Rb2+ 59. Kg3 Rb3+ 60. Kh4 Rb6 61. Rg6+ Kh7 62. Kh5 Ra6 63. g5 Rb6 64. Rxf6 Rxf6
65. gxf6 Kg8 66. Kg6 Kh8 67. Kf7 1-0

[Event "IM-Turnier"]
[Site "Hamburg"]
[Date "2006.10.18"]
[Round "4.4"]
[White "Sawatzki, Frank"]
[Black "Fries-Nielsen, Jens-Ove"]
[Result "0-1"]
[WhiteElo "2386"]
[BlackElo "2380"]
[PlyCount "52"]
[EventDate "2006.??.??"]
[SourceDate "2002.11.15"]

1. e4 g6 2. d4 Bg7 3. Nc3 c6 4. Nf3 d6 5. Bc4 Nf6 6. Bb3 O-O 7. O-O Bg4 8. h3
Bxf3 9. Qxf3 Nbd7 10. Re1 e6 11. Bf4 e5 12. Be3 Qe7 13. Rad1 h6 14. a4 a5 15.
Qg3 Kh7 16. Qh4 exd4 17. Bxd4 Rae8 18. Qf4 Nh5 19. Qd2 Bxd4 20. Qxd4 Nf4 21.
Qxd6 Qg5 22. g3 Ne5 23. Re3 Nxh3+ 24. Kg2 Nxf2 25. Rde1 Rd8 26. Qc5 Qh5 0-1

[Event "IM-Turnier"]
[Site "Hamburg"]
[Date "2006.10.18"]
[Round "4.5"]
[White "Chevelevitch, Dr. Evgueni"]
[Black "Breutigam, Martin"]
[Result "1-0"]
[WhiteElo "2431"]
[BlackElo "2387"]
[PlyCount "125"]
[EventDate "2006.??.??"]
[SourceDate "2002.11.15"]

1. e4 e6 2. d4 d5 3. e5 Bd7 4. Nf3 a6 5. Bg5 Ne7 6. Bd3 Bb5 7. O-O h6 8. Be3
Nf5 9. Nc3 Bxd3 10. Qxd3 Nd7 11. Nxd5 Nc5 12. Nxc7+ Qxc7 13. dxc5 Rd8 14. Qe4
Nxe3 15. Qxe3 Bxc5 16. Qe2 O-O 17. c3 Rd7 18. Rfd1 Rfd8 19. g3 Qc6 20. Rxd7
Rxd7 21. Re1 Qa4 22. a3 Qb3 23. h4 g6 24. Kg2 Kg7 25. Rc1 Qa4 26. Qc2 Qg4 27.
Re1 Qc4 28. Re4 Qd5 29. c4 Qd3 30. Re2 a5 31. Qxd3 Rxd3 32. Ne1 Rd4 33. Rc2 Rd1
34. Kf1 g5 35. Ke2 Rb1 36. hxg5 hxg5 37. Nd3 Bd4 38. Kf3 Ba7 39. c5 Rd1 40. Ke2
Rh1 41. Rc3 b6 42. c6 Rh8 43. c7 Rc8 44. a4 Kf8 45. Ne1 Ke7 46. Nf3 b5 47. axb5
g4 48. Nh2 Kd7 49. Nxg4 Rxc7 50. Rxc7+ Kxc7 51. Kd3 Bc5 52. Kc4 Bb6 53. f3 Bg1
54. b3 Kd7 55. Nf6+ Ke7 56. Ne4 Kd7 57. g4 Be3 58. Kd3 Bg1 59. Nd2 Bb6 60. Nc4
Bd8 61. Kd4 Kc7 62. Nxa5 Kb6 63. Nc4+ 1-0

[Event "IM-Turnier"]
[Site "Hamburg"]
[Date "2006.10.19"]
[Round "5.1"]
[White "Breutigam, Martin"]
[Black "Abel, Dennes"]
[Result "0-1"]
[WhiteElo "2387"]
[BlackElo "2286"]
[PlyCount "126"]
[EventDate "2006.??.??"]
[SourceDate "2002.11.15"]

1. d4 Nf6 2. c4 c5 3. d5 e6 4. Nc3 exd5 5. cxd5 d6 6. Nf3 g6 7. Bg5 a6 8. a4
Bg7 9. e4 Bg4 10. Be2 Bxf3 11. Bxf3 Nbd7 12. O-O O-O 13. Qc2 Re8 14. Be2 Qc7
15. f4 c4 16. Kh1 Rac8 17. Rad1 Qc5 18. Bh4 b5 19. Bf2 Qb4 20. Ra1 Ra8 21. Bf3
Nc5 22. axb5 axb5 23. Rxa8 Rxa8 24. e5 Ne8 25. Bxc5 Qxc5 26. Ne4 Qc7 27. e6 f5
28. Nc3 b4 29. Nd1 Qc5 30. Re1 Ra2 31. Qc1 c3 32. bxc3 bxc3 33. Ne3 c2 34. Nxc2
Qxc2 35. Qe3 Qd2 36. Qxd2 Rxd2 37. h3 Ra2 38. Kh2 Bh6 39. Kg3 Ra4 40. Rb1 Bxf4+
41. Kf2 Ra7 42. Rb8 Re7 43. Be2 Kg7 44. Kf3 Be5 45. Bb5 Nf6 46. Bc6 g5 47. Ke3
f4+ 48. Kd3 h5 49. Ra8 g4 50. hxg4 hxg4 51. Ke2 Kg6 52. Kd3 Kf5 53. Ra4 Rg7 54.
Ke2 f3+ 55. Kf1 fxg2+ 56. Kxg2 g3 57. Rh4 Ra7 58. Rh1 Kg4 59. Rd1 Ng8 60. Rd2
Ne7 61. Rc2 Ra1 62. Rc4+ Bf4 63. Rc2 Nf5 0-1

[Event "IM-Turnier"]
[Site "Hamburg"]
[Date "2006.10.19"]
[Round "5.2"]
[White "Fries-Nielsen, Jens-Ove"]
[Black "Chevelevitch, Dr. Evgueni"]
[Result "1/2-1/2"]
[WhiteElo "2380"]
[BlackElo "2431"]
[PlyCount "36"]
[EventDate "2006.??.??"]
[SourceDate "2002.11.15"]

1. d4 Nf6 2. Nf3 g6 3. g3 Bg7 4. Bg2 c5 5. d5 e6 6. dxe6 dxe6 7. Qxd8+ Kxd8 8.
Nc3 Ke7 9. Be3 Nbd7 10. h3 Nd5 11. Bg5+ f6 12. Nxd5+ exd5 13. Bf4 Nb6 14. a4
Be6 15. b3 Rad8 16. Bc1 Nc8 17. Ba3 b6 18. Nd4 f5 1/2-1/2

[Event "IM-Turnier"]
[Site "Hamburg"]
[Date "2006.10.19"]
[Round "5.3"]
[White "Bakker, Sven"]
[Black "Sawatzki, Frank"]
[Result "1/2-1/2"]
[WhiteElo "2237"]
[BlackElo "2386"]
[PlyCount "76"]
[EventDate "2006.??.??"]
[SourceDate "2002.11.15"]

1. d4 Nf6 2. c4 g6 3. Nc3 Bg7 4. e4 d6 5. f3 O-O 6. Nge2 c5 7. d5 e6 8. Ng3
exd5 9. cxd5 Nbd7 10. Be2 a6 11. a4 h5 12. Bg5 Qe8 13. Qd2 Nh7 14. Bh6 Qe5 15.
Bxg7 Qxg7 16. O-O h4 17. Nh1 f5 18. exf5 gxf5 19. f4 Kh8 20. Nf2 Ndf6 21. Bf3
Bd7 22. a5 Rfe8 23. Rfe1 Ng4 24. Rxe8+ Rxe8 25. Re1 Rxe1+ 26. Qxe1 Nxf2 27.
Qxf2 Qf6 28. Qe3 Kg7 29. Kf2 Nf8 30. Bh5 Ng6 31. Bxg6 Kxg6 32. h3 Kf7 33. g3
hxg3+ 34. Kxg3 Qd8 35. Qe2 Qg8+ 36. Kh4 Qd8+ 37. Kg3 Qg8+ 38. Kh4 Qd8+ 1/2-1/2

[Event "IM-Turnier"]
[Site "Hamburg"]
[Date "2006.10.19"]
[Round "5.4"]
[White "Pajeken, Wolfgang"]
[Black "Berg, Klaus"]
[Result "0-1"]
[WhiteElo "2360"]
[BlackElo "2392"]
[PlyCount "68"]
[EventDate "2006.??.??"]
[SourceDate "2002.11.15"]

1. c4 e5 2. Nc3 d6 3. g3 g6 4. Bg2 Bg7 5. Nf3 f5 6. O-O Nf6 7. b4 O-O 8. Qb3
Kh8 9. Bb2 c6 10. d4 e4 11. Nd2 d5 12. cxd5 cxd5 13. f4 Be6 14. Rfc1 g5 15. e3
gxf4 16. exf4 Nc6 17. Ne2 Ne8 18. b5 Na5 19. Qa4 a6 20. Ba3 axb5 21. Qxb5 Nd6
22. Bxd6 Qxd6 23. Rab1 Nc6 24. Nb3 Bd7 25. Qc5 Qxc5 26. Nxc5 Nxd4 27. Nxd7
Nxe2+ 28. Kf1 Nxc1 29. Nxf8 Bxf8 30. Rxc1 Rxa2 31. Rd1 e3 32. Re1 d4 33. Bxb7
Bb4 34. Re2 Bd2 0-1

[Event "IM-Turnier"]
[Site "Hamburg"]
[Date "2006.10.20"]
[Round "6.2"]
[White "Berg, Klaus"]
[Black "Breuer, Stefan"]
[Result "1/2-1/2"]
[WhiteElo "2392"]
[BlackElo "2330"]
[PlyCount "89"]
[EventDate "2006.??.??"]
[SourceDate "2002.11.15"]

1. d4 d6 2. e4 e5 3. dxe5 dxe5 4. Qxd8+ Kxd8 5. Bc4 Be6 6. Bxe6 fxe6 7. Nf3 Bd6
8. Nbd2 Nf6 9. O-O Nc6 10. b3 Nb4 11. Ne1 Rf8 12. Bb2 Ke7 13. a3 Nc6 14. Nd3
Nd7 15. a4 Rad8 16. Nc4 Nc5 17. Rad1 Nxe4 18. Rfe1 Nf6 19. Ncxe5 Nxe5 20. Bxe5
Bxe5 21. Rxe5 Rd6 22. Rde1 Nd7 23. R5e3 Rf6 24. g3 g5 25. Kg2 a5 26. R1e2 b6
27. Re4 Rd5 28. h4 h6 29. hxg5 hxg5 30. g4 Nc5 31. Nxc5 Rxc5 32. Re5 Rxe5 33.
Rxe5 Rg6 34. Kf3 Rg8 35. Ke4 Kf6 36. Rb5 Rd8 37. f4 gxf4 38. g5+ Ke7 39. Kxf4
Rd4+ 40. Ke3 Rg4 41. c4 Kd6 42. Kf3 Rg1 43. Kf2 Rg4 44. Kf3 Rg1 45. Kf2 1/2-1/2

[Event "IM-Turnier"]
[Site "Hamburg"]
[Date "2006.10.20"]
[Round "6.3"]
[White "Sawatzki, Frank"]
[Black "Pajeken, Wolfgang"]
[Result "1-0"]
[WhiteElo "2386"]
[BlackElo "2360"]
[PlyCount "67"]
[EventDate "2006.??.??"]
[SourceDate "2002.11.15"]

1. e4 c5 2. Nf3 d6 3. Bc4 Nf6 4. d3 Nc6 5. c3 e6 6. Bb3 Be7 7. O-O O-O 8. Re1
d5 9. e5 Ne8 10. d4 cxd4 11. cxd4 f5 12. exf6 Bxf6 13. Nc3 Nd6 14. Bc2 Nf5 15.
Bxf5 exf5 16. Bf4 a6 17. Qb3 Kh8 18. Rad1 b5 19. Nxd5 Na5 20. Qb4 Bb7 21. Nxf6
Bxf3 22. gxf3 Rxf6 23. d5 Rg6+ 24. Bg3 Nc4 25. b3 f4 26. bxc4 fxg3 27. hxg3
bxc4 28. Qxc4 Rc8 29. Qe4 Rf6 30. Kg2 Qf8 31. Rc1 Rd8 32. Rc6 Rfd6 33. Rxd6
Rxd6 34. Qb4 1-0

[Event "IM-Turnier"]
[Site "Hamburg"]
[Date "2006.10.20"]
[Round "6.4"]
[White "Chevelevitch, Dr. Evgueni"]
[Black "Bakker, Sven"]
[Result "1/2-1/2"]
[WhiteElo "2431"]
[BlackElo "2237"]
[PlyCount "47"]
[EventDate "2006.??.??"]
[SourceDate "2002.11.15"]

1. e4 c6 2. d4 d5 3. Nc3 dxe4 4. Nxe4 Bf5 5. Ng3 Bg6 6. h4 h6 7. Nf3 Nd7 8. h5
Bh7 9. Bd3 Bxd3 10. Qxd3 e6 11. Bf4 Qa5+ 12. Bd2 Bb4 13. c3 Be7 14. c4 Qc7 15.
O-O-O Ngf6 16. Qe2 O-O 17. Ne5 Rfe8 18. Kb1 Rad8 19. f4 c5 20. Bc3 cxd4 21.
Rxd4 Nc5 22. Rhd1 Rxd4 23. Bxd4 Rd8 24. Nf1 1/2-1/2

[Event "IM-Turnier"]
[Site "Hamburg"]
[Date "2006.10.20"]
[Round "6.5"]
[White "Breutigam, Martin"]
[Black "Fries-Nielsen, Jens-Ove"]
[Result "1-0"]
[WhiteElo "2387"]
[BlackElo "2380"]
[PlyCount "89"]
[EventDate "2006.??.??"]
[SourceDate "2002.11.15"]

1. d4 d5 2. c4 e6 3. Nf3 c6 4. e3 f5 5. Bd3 Nf6 6. O-O Bd6 7. b3 Qe7 8. Bb2 O-O
9. Qc1 a5 10. Ba3 Bb4 11. Bxb4 axb4 12. c5 Nfd7 13. Qd2 e5 14. Be2 e4 15. Ne1
b6 16. cxb6 Nxb6 17. Nc2 Ba6 18. Bxa6 Nxa6 19. a3 bxa3 20. Rxa3 g5 21. f4 exf3
22. Rxf3 Nd7 23. Nc3 Nc7 24. Rxa8 Nxa8 25. Qf2 Qe6 26. Ne2 Qg6 27. Ne1 Nc7 28.
Ng3 f4 29. exf4 gxf4 30. Rxf4 Rxf4 31. Qxf4 Ne6 32. Qd6 Ndf8 33. Qxc6 Qb1 34.
Qc3 Nxd4 35. Qxd4 Qxe1+ 36. Nf1 Qa5 37. b4 Qa2 38. Ne3 Qb1+ 39. Kf2 Ne6 40.
Qxd5 Qb2+ 41. Kg1 Qb1+ 42. Nf1 Kf7 43. b5 Ke7 44. h3 Qb2 45. Ng3 1-0

[Event "IM-Turnier"]
[Site "Hamburg"]
[Date "2006.10.20"]
[Round "7.1"]
[White "Fries-Nielsen, Jens-Ove"]
[Black "Abel, Dennes"]
[Result "1/2-1/2"]
[WhiteElo "2380"]
[BlackElo "2286"]
[PlyCount "89"]
[EventDate "2006.??.??"]
[SourceDate "2002.11.15"]

1. e4 e5 2. Nf3 d6 3. d4 exd4 4. Qxd4 a6 5. Bg5 Nc6 6. Qd2 Nf6 7. Nc3 Be7 8.
Be2 O-O 9. O-O Re8 10. Rad1 Bg4 11. h3 Bh5 12. Rfe1 h6 13. Bf4 Qc8 14. Nh2 Bxe2
15. Rxe2 Bf8 16. Nf1 Qe6 17. Ng3 Ne5 18. b3 Rad8 19. Be3 c6 20. Bb6 Rc8 21. f4
Ned7 22. Bf2 Rcd8 23. Qe1 Nh7 24. Nd5 Qg6 25. Nc7 Re7 26. Nf5 Rxe4 27. Rxe4
Qxf5 28. g4 Qg6 29. f5 Qf6 30. Ne8 Qb2 31. Bh4 Ng5 32. Bxg5 hxg5 33. Nxd6 Nf6
34. Nc4 Qxc2 35. Rxd8 Nxe4 36. Nd2 Qc5+ 37. Kg2 Nf6 38. Nc4 Nd5 39. Qe8 b5 40.
Rd7 bxc4 41. Qxf7+ Kh7 42. Qh5+ Kg8 43. Qf7+ Kh7 44. Qh5+ Kg8 45. Qf7+ 1/2-1/2

[Event "IM-Turnier"]
[Site "Hamburg"]
[Date "2006.10.20"]
[Round "7.2"]
[White "Bakker, Sven"]
[Black "Breutigam, Martin"]
[Result "0-1"]
[WhiteElo "2237"]
[BlackElo "2387"]
[PlyCount "90"]
[EventDate "2006.??.??"]
[SourceDate "2002.11.15"]

1. d4 d5 2. c4 e6 3. Nc3 c5 4. cxd5 exd5 5. Nf3 Nc6 6. g3 Nf6 7. Bg2 Be7 8. O-O
O-O 9. Bg5 cxd4 10. Nxd4 h6 11. Be3 Bg4 12. Qa4 Na5 13. Rad1 Nc4 14. Bc1 Qc8
15. Rfe1 Rd8 16. Qc2 Bh3 17. Bh1 Bb4 18. Qb3 a5 19. Nc2 Qc5 20. a3 Bxc3 21.
Qxc3 a4 22. Ne3 Rac8 23. Nxc4 Qxc4 24. Qxc4 Rxc4 25. Bf4 b5 26. Be5 d4 27. Bxf6
gxf6 28. Be4 b4 29. Bd3 bxa3 30. Bxc4 axb2 31. e3 Be6 32. Bxe6 fxe6 33. exd4 a3
34. Kg2 a2 35. Rb1 axb1=Q 36. Rxb1 Rb8 37. Kf3 Kf7 38. Ke3 Ke7 39. Kd3 Kd6 40.
Kc3 Kd5 41. Rxb2 Rxb2 42. Kxb2 Kxd4 43. Kc2 Ke4 44. Kd2 Kf3 45. Ke1 Kg2 0-1